[Event "GCT Croatia Blitz 2021"]
[Site "Zagreb"]
[Date "2021.07.10"]
[Round "8"]
[White "Vachier-Lagrave, Maxime"]
[Black "Kasparov, Garry"]
[Result "1-0"]
[WhiteElo "2749"]
[BlackElo "2812"]
[Annotator "TA"]
[PlyCount "93"]
[EventDate "2021.07.10"]
[EventType "tourn"]
[EventCountry "CRO"]
[SourceTitle "playchess.com"]
[Source "ChessBase"]
[SourceQuality "1"]

{[%evp 9,93,20,33,19,22,-20,-14,-50,-45,-145,-154,-184,-85,-81,-75,-203,-200,
-201,-205,-337,-333,-410,-218,-223,-222,-429,-400,-460,-435,-509,-235,-239,
-170,-206,-141,-138,-126,-157,-92,-136,-127,-136,-124,-112,-125,-159,-72,-77,
-43,-43,-43,-43,0,0,-8,-66,12,-187,-178,-344,-127,-134,-129,-119,-138,-117,
-126,-141,0,0,0,0,0,0,0,0,0,0,0,-6,1831,1841,1673,1654,1585,1550]} 1. e4 c5 2.
Nf3 e6 3. c3 d5 4. e5 d4 5. Bd3 Bd7 6. O-O {B40: Sicilian: 2...e6, Unusual
lines.} Bc6 7. Re1 g5 8. h3 {The position is equal.} h5 {[#]} 9. Na3 $146 (9.
h4 $15) ({Predecessor:} 9. Nh2 g4 10. hxg4 hxg4 11. Qxg4 dxc3 12. Be4 Nh6 13.
Qf4 cxb2 14. Bxb2 Bxe4 15. Qxe4 {0-1 (56) Quillan,G (2409)-Koneru,H (2589)
Caleta 2012}) 9... g4 $17 10. Nh2 Nh6 (10... gxh3 $19 {is more deadly.} 11. g3
h4) 11. Be4 {[%cal Rh3g4]} d3 12. b4 (12. hxg4 $17 hxg4 13. Nxg4) 12... Bxe4
$19 13. Rxe4 {[%cal Rh3g4]} Qd5 $1 {[%cal Rd5e4]} 14. Qa4+ (14. Rf4 {was
called for.}) 14... Nc6 15. bxc5 Bxc5 (15... gxh3 $142 16. Nb5 O-O-O) 16. Nb5
O-O-O 17. Qc4 $2 (17. Ba3 {is the only way for White.} Bxa3 18. Nxa3 gxh3 19.
Qc4) 17... g3 18. Nf1 gxf2+ 19. Kh2 Nf5 (19... a6 $142 20. Qxd5 exd5) 20. Ba3
Bxa3 21. Nxa3 Kb8 22. Qxd5 Rxd5 (22... exd5 $6 23. Rf4 $11) 23. Nc4 b5 (23...
h4 $142 $1 24. Rb1 b6) 24. Nce3 Nxe3 25. Nxe3 Rxe5 26. Rf4 f5 27. Kg3 {[#]} Kc7
(27... Ne7 $142 $1 {Hoping for ...Nd5.} 28. Kxf2 Ng6) 28. a4 a6 29. axb5 axb5 (
29... f1=R {keeps more tension.} 30. Nxf1 axb5 31. Ne3 Rc5 32. Kf2 h4) 30. Kxf2
Re4 31. Rxe4 fxe4 $11 {[%mdl 4096] Endgame KRN-KRN} 32. Kg3 (32. Nf1 $11) 32...
Rf8 ({Better is} 32... e5 $15) 33. Re1 $2 (33. Rf1 $1 $11 Ra8 34. Rb1) 33...
Ne7 $19 34. Rb1 $2 {[#]} (34. Nd1 Nf5+ 35. Kh2) 34... Kc6 $2 (34... Nd5 $1 $19
{and Black stays clearly on top.} 35. Re1 (35. Nxd5+ $2 exd5 36. Rxb5 h4+ 37.
Kxh4 Rf2 $19) 35... h4+ {[%mdl 64] Deflection} 36. Kxh4 Rf2) 35. Rb4 $17 Nf5+
36. Kf4 Nd6+ 37. Ke5 Rf2 38. Rd4 Nf7+ ({Black should play} 38... Nb7 $17 39.
Kxe6 Rxd2) 39. Kxe6 $11 ({Don't play} 39. Kxe4 Rxd2 40. h4 Nd6+ 41. Ke5 Nb7 $17
) 39... Ng5+ 40. Ke5 Rxd2 41. h4 Re2 42. Rd6+ Kb7 {Threatens to win with ...
Nf7+.} 43. hxg5 Rxe3 44. g6 {Kf4 is the strong threat.} Re2 $2 {[%mdl 8192]} (
44... Kc7 $11 45. Rd5 Rg3 46. Kxe4 Kc6 47. Rxh5 d2) 45. g4 $1 $18 {White wants
to mate with g7.White is clearly winning.} Rg2 46. gxh5 d2 47. Kxe4 {What a
bad dream for Black.  Weighted Error Value: White=0.37/Black=0.45} 1-0

[Event "GCT Croatia Blitz 2021"]
[Site "Zagreb"]
[Date "2021.07.10"]
[Round "8"]
[White "Van Foreest, Jorden"]
[Black "Grischuk, Alexander"]
[Result "1/2-1/2"]
[WhiteElo "2688"]
[BlackElo "2778"]
[Annotator "TA"]
[PlyCount "88"]
[EventDate "2021.07.10"]
[EventType "tourn"]
[EventCountry "CRO"]
[SourceTitle "playchess.com"]
[Source "ChessBase"]
[SourceQuality "1"]

{[%evp 22,88,33,24,29,31,30,25,35,18,25,-13,31,27,35,28,53,52,51,51,60,50,58,
55,61,60,54,36,36,36,36,0,0,0,0,0,0,0,0,0,0,0,0,0,0,0,0,0,0,0,0,0,0,0,0,0,0,0,
0,0,0,0,0,0,0,0,0,0,0]} 1. e4 e6 2. d4 d5 3. Nc3 Nf6 4. e5 Nfd7 5. f4 c5 6. Nf3
Nc6 7. Be3 a6 8. a3 cxd4 9. Nxd4 Bc5 10. Qd2 Nxd4 11. Bxd4 Bxd4 12. Qxd4 Qb6 {
C11: French: Classical System: 4 e5 and 4 Bg5 dxe4.} 13. Qxb6 Nxb6 14. Bd3 Bd7
{[#] White has an edge.} 15. h4 $146 ({Predecessor:} 15. Ne2 f6 16. Kd2 fxe5
17. fxe5 Ke7 18. Rhf1 Raf8 19. h4 Be8 20. Nf4 Rhg8 21. g3 {1/2-1/2 (28)
Psakhis,L (2560)-Drasko,M (2510) Moscow 1988}) 15... h5 16. a4 Bc6 17. a5 Nd7
18. Ne2 Ke7 19. Nd4 Rac8 20. Kd2 g6 21. b4 Rc7 22. Ra3 Nb8 23. Rc3 Rhc8 24. Ra1
Bd7 25. Rxc7 Rxc7 26. Ke3 Nc6 {The position is equal.} 27. Nxc6+ (27. Rb1 {
seems wilder.} Nxd4 28. Kxd4 Bb5 29. Rb3 Bxd3 30. cxd3 Rc2 31. Rc3) 27... Bxc6
$11 {[%mdl 4096] Endgame KRB-KRB} 28. Kd4 Bb5 29. Ra3 Bxd3 30. cxd3 {KR-KR} Kd7
31. Rc3 Rxc3 32. Kxc3 {KP-KP} Kc6 33. Kb3 Kb5 34. d4 Kc6 35. Ka4 b5+ 36. axb6
Kxb6 37. g3 Kb7 38. Ka5 Ka7 39. b5 axb5 40. Kxb5 Kb7 41. Kc5 {[#] aiming for
Kd6.} Kc7 42. Kb5 Kb7 43. Kc5 {Threatens to win with Kd6.} Kc7 44. Kb5 Kb7 {
Weighted Error Value: White=0.04/Black=0.04} 1/2-1/2

[Event "GCT Croatia Blitz 2021"]
[Site "Zagreb"]
[Date "2021.07.10"]
[Round "9"]
[White "Mamedyarov, Shakhriyar"]
[Black "Giri, Anish"]
[Result "1/2-1/2"]
[WhiteElo "2782"]
[BlackElo "2776"]
[Annotator "TA"]
[PlyCount "103"]
[EventDate "2021.07.10"]
[EventType "tourn"]
[EventCountry "CRO"]
[SourceTitle "playchess.com"]
[Source "ChessBase"]
[SourceQuality "1"]

{[%evp 15,103,12,29,0,0,0,0,0,0,-16,-4,-17,19,12,39,29,52,48,54,54,51,10,20,16,
24,17,16,0,0,0,0,0,10,13,11,0,2,7,0,0,59,6,4,0,0,0,0,0,0,-81,-81,-110,-114,
-102,0,0,0,0,0,0,0,0,0,0,0,0,0,0,0,0,0,0,0,0,0,0,0,0,0,0,0,0,0,0,0,0,0,0,0,0]} 
1. d4 Nf6 2. c4 g6 3. Nc3 d5 4. cxd5 Nxd5 5. e4 Nxc3 6. bxc3 Bg7 7. Nf3 c5 8.
Be3 (8. Rb1 O-O 9. Be2 cxd4 10. cxd4 Qa5+ 11. Bd2 Qxa2 12. O-O Bg4 13. Rxb7
Bxf3 14. Bxf3 Bxd4 15. e5 Na6 16. Rxe7 Rad8 17. e6 fxe6 18. Qe1 Nc5 19. Bc3 Nd3
20. Bxd4 Nxe1 21. Rg7+ Kh8 22. Rd7+ Kg8 23. Rg7+ Kh8 24. Rd7+ Kg8 25. Rg7+ {
1/2-1/2 (25) Mamedyarov,S (2770)-Giri,A (2780) Bucharest 2021}) 8... Qa5 9. Nd2
{D85: Exchange Grünfeld: Unusual White 7th moves and lines with 7 Nf3.} O-O {
9...Nd7 is a critical line.} 10. Be2 Bd7 11. O-O {[#]} Ba4 $146 ({Predecessor:
} 11... b6 12. dxc5 Bxc3 13. Rc1 Bg7 14. cxb6 axb6 15. Nc4 Qxa2 16. Nxb6 Ba4
17. Qe1 Ra7 {0-1 (30) Aghasiyev,K (2554)-Yeletsky,I (2704) Chess.com INT 2019})
12. Qb1 cxd4 13. cxd4 Nc6 14. Nb3 ({Of course not} 14. Qxb7 Nxd4 15. Bxd4 Bxd4
$17) 14... Bxb3 15. axb3 Qd8 16. d5 {[%cal Rd5c6]} Nd4 17. Bd3 Qd7 18. Rd1 a5
19. Ra2 Nb5 20. Bxb5 Qxb5 21. Rc1 Rfc8 22. Rac2 Rxc2 23. Qxc2 h5 24. h3 Qd7 25.
Bb6 a4 26. bxa4 Rxa4 27. f3 Rb4 (27... Qb5 $11 28. Kh1 Qa6) 28. Be3 (28. Qc8+
$1 $14 Qxc8 29. Rxc8+ Kh7 30. Bd8) 28... Bf6 $11 29. Bf4 Kh7 30. Kh2 Rb2 31.
Qc4 b5 32. Qc7 (32. Qc5 $1 $11) 32... Qxc7 $17 33. Rxc7 {[%mdl 4096] Endgame 
[#] Threatens to win with d6. KRB-KRB} g5 $1 {[%cal Rg5f4]} 34. e5 {[#]} gxf4 (
34... Bg7 $1 $17 35. d6 (35. Rxe7 $2 gxf4 36. Rxf7 Kg6 $19) 35... exd6 36. Bxg5
Bxe5+ 37. f4 Bd4 38. Rxf7+ Kg6) 35. exf6 $11 {The position is equal.} exf6 36.
Rxf7+ $17 {KR-KR} Kg6 37. Rb7 Rb1 38. h4 Rb2 39. Rb8 (39. Kh3 {keeps more
tension.} b4 40. d6 Rb1 41. g4 fxg3 42. d7) 39... Rb1 40. g4 fxg3+ 41. Kxg3 b4
42. Kf4 b3 43. Rg8+ Kf7 44. Rb8 Kg6 45. d6 {And now d7 would win.} (45. Rb5 {
with more complications.} b2 46. Rb7 Rd1 47. Rxb2 Rxd5 48. Ke3) 45... Rd1 46.
Rxb3 Rxd6 47. Kg3 Rd4 48. Ra3 Rc4 49. Rb3 Rd4 50. Ra3 Rc4 51. Rb3 Rd4 52. Ra3 {
Weighted Error Value: White=0.12/Black=0.08} 1/2-1/2

[Event "GCT Croatia Blitz 2021"]
[Site "Zagreb"]
[Date "2021.07.10"]
[Round "9"]
[White "Grischuk, Alexander"]
[Black "Anand, Viswanathan"]
[Result "1/2-1/2"]
[WhiteElo "2778"]
[BlackElo "2753"]
[Annotator "TA"]
[PlyCount "54"]
[EventDate "2021.07.10"]
[EventType "tourn"]
[EventCountry "CRO"]
[SourceTitle "playchess.com"]
[Source "ChessBase"]
[SourceQuality "1"]

{[%evp 19,54,0,0,0,1,0,10,12,13,5,10,18,22,14,10,0,8,10,14,20,24,10,27,6,14,0,
0,0,0,0,0,0,0,0,0,0,0]} 1. c4 c5 2. Nf3 Nc6 3. Nc3 Nf6 4. e3 e6 5. d4 d5 6.
cxd5 exd5 7. Bb5 cxd4 8. exd4 Bd6 9. O-O O-O 10. h3 h6 11. Re1 {D32: Tarrasch
Defence: Sidelines and lines without g3.} Bf5 12. Ne5 Rc8 13. Bf4 Ne7 {[#]} 14.
Ba4 $146 ({Predecessor:} 14. g4 Be4 15. f3 Bh7 16. Qd2 Ng6 17. Nxg6 Bxg6 18.
Bxd6 Qxd6 19. Re5 Rfd8 20. Kg2 {1-0 (50) Hillarp Persson,T (2564)-Backelin,R 
(2394) Sweden 2004}) 14... Ne4 15. Nxe4 Bxe4 16. Bb3 Nc6 17. Nxc6 Rxc6 18. Bxd6
Qxd6 19. f3 Bf5 20. Re5 Be6 (20... Qg6 {looks sharper.} 21. Qe2 Rfc8 22. h4 Be6
23. Rd1 Rc1) 21. Qd2 f6 {The position is equal.} 22. Re3 Rfc8 23. Rae1 Bf7 24.
R3e2 R6c7 25. Re3 Rc6 26. R3e2 R6c7 27. Re3 Rc6 {An uneventful encounter. 
Weighted Error Value: White=0.04/Black=0.02} 1/2-1/2

[Event "GCT Croatia Blitz 2021"]
[Site "Zagreb"]
[Date "2021.07.10"]
[Round "9"]
[White "Duda, Jan-Krzysztof"]
[Black "Van Foreest, Jorden"]
[Result "0-1"]
[WhiteElo "2738"]
[BlackElo "2688"]
[Annotator "TA"]
[PlyCount "64"]
[EventDate "2021.07.10"]
[EventType "tourn"]
[EventCountry "CRO"]
[SourceTitle "playchess.com"]
[Source "ChessBase"]
[SourceQuality "1"]

{[%evp 10,64,23,25,37,22,34,34,33,35,60,55,69,64,81,72,83,50,137,105,350,136,
130,124,152,133,709,704,706,695,825,813,806,820,775,658,874,672,751,332,339,
333,339,0,184,-27,-46,-34,-29,-87,-93,-531,-509,-1146,-1222,-1048,-1006]} 1. d4
e6 2. e4 d5 3. e5 c5 4. c3 Ne7 5. Na3 Nec6 6. Nc2 b6 {C02: French: Advance
Variation.} 7. h4 {[#]} Ba6 $146 ({Predecessor:} 7... a5 8. h5 h6 9. Nf3 Ba6
10. Rh3 a4 11. Rg3 Qd7 12. Rg4 Na5 13. Bxa6 Nxa6 14. Kf1 cxd4 15. Ncxd4 {
1-0 (57) Karavaev,V (2395)-Lushenkov,M (2349) Omsk 2004}) 8. h5 h6 {White is
slightly better.} 9. Rh3 Bxf1 10. Kxf1 Qc8 11. Ne2 Qa6 12. Kg1 Nd7 13. Nf4 Be7
({Black should play} 13... Rc8 $14) 14. Qg4 $16 Bg5 $2 (14... Bf8 $16) 15. Nd3
$2 (15. Nxe6 $1 $18 {is the precise move to win.} fxe6 16. Qxe6+ Ne7 17. Bxg5
hxg5 18. Rf3) 15... Bxc1 16. Qxg7 (16. Rxc1 $6 Rg8 $11) 16... Ke7 17. Rf3 (17.
Nxc1 $2 Rag8 $19) 17... Rag8 $2 {[%mdl 8192]} (17... Raf8 $16 18. Rxc1 Nd8) 18.
Qxf7+ $18 Kd8 19. Qxe6 {[%mdl 64] Double Attack} Rf8 {Black wants to play ...
Rxf3.} 20. Qxc6 Rxf3 {[#]} 21. e6 $1 {[%csl Ge6][%cal Rc6d7]} Rh7 (21... Qc8
22. Qxc8+) 22. Nxc1 (22. gxf3 $2 Rg7+ 23. Kh1 (23. Kh2 $2 Qxd3 {[%mdl 64]
Double Attack} 24. e7+ Ke8 $19) 23... Qxd3 $19) 22... Nf6 23. e7+ {[%mdl 64]
Decoy} (23. gxf3 $2 Rg7+ 24. Kh2 Qf1 $19) 23... Kxe7 24. Qc7+ (24. gxf3 $2 Rg7+
25. Kh2 Qf1 $19) (24. dxc5 $142 Kf8 25. Nd4 (25. gxf3 Rg7+ 26. Kh2 Qf1 $16))
24... Kf8 25. Qb8+ Kf7 26. Qc7+ (26. gxf3 $2 Rg7+ 27. Qg3 (27. Kh2 $2 Qf1 $19)
27... Nxh5 $19) (26. Ne1 $142 Rf5 27. Ncd3) 26... Kf8 $1 27. Qe5 {[#]} (27.
Qd6+ $18 Re7 28. Nd3 {[%mdl 64] Decoy} (28. gxf3 Ne8 $14) (28. dxc5 Rxf2 29.
Ne3 Ng4 $11) 28... Qxd3 29. Ne1 {[%mdl 64] Double Attack} (29. gxf3 Qxf3 30.
Ne1 Qf5 $11 {[%mdl 64] Decoy})) 27... Re7 $1 $36 {[%mdl 2048] Black fights for
an advantage.} 28. Qb8+ Re8 $1 {[%cal Re8b8]} 29. Qd6+ (29. Qc7 $1 $11 Rf5 30.
dxc5) 29... Kf7 $17 {Hoping for ...Rxf2!} 30. Nb3 $2 {[%mdl 8192] [#]} (30.
gxf3 $2 {is the wrong capture.} Rg8+ 31. Qg3 (31. Kh2 $2 Qf1 $19) 31... Nxh5
$19) (30. dxc5 $2 {[#]} Rxf2 $3 {[%mdl 512]} 31. Qc7+ (31. Ne3 $2 Rxe3 32. Qc7+
Re7 $19) 31... Re7 $19) (30. Qc7+ $17 {nothing else works.} Re7 31. Qb8) 30...
Qe2 $1 $19 {Black is clearly winning.} 31. gxf3 (31. Rf1 $142 Rf5 32. dxc5 Rxh5
33. Rc1 (33. Ne3 $2 Rxe3 34. Nd2 Rd3 $19) 33... Qxc2 34. Qc7+ Kg8 35. Qg3+ Kh8
36. Qf4) 31... Rg8+ 32. Qg3 Rxg3+ {Weighted Error Value: White=1.17/Black=0.26}
0-1

[Event "GCT Croatia Blitz 2021"]
[Site "Zagreb"]
[Date "2021.07.10"]
[Round "9"]
[White "Korobov, Anton"]
[Black "Vachier-Lagrave, Maxime"]
[Result "1/2-1/2"]
[WhiteElo "2683"]
[BlackElo "2749"]
[Annotator "TA"]
[PlyCount "110"]
[EventDate "2021.07.10"]
[EventType "tourn"]
[EventCountry "CRO"]
[SourceTitle "playchess.com"]
[Source "ChessBase"]
[SourceQuality "1"]

{[%evp 23,110,20,39,12,29,31,37,27,35,25,24,0,83,95,85,39,92,47,53,47,59,63,52,
58,56,52,68,61,65,18,27,12,37,44,76,84,91,78,74,83,78,52,62,50,67,0,0,0,0,0,0,
0,0,0,0,0,0,0,0,0,0,0,0,0,0,0,0,-4,0,0,0,0,0,0,0,0,0,0,0,0,0,0,0,0,0,0,0,0,0]} 
1. d4 Nf6 2. c4 g6 3. Nc3 d5 4. cxd5 Nxd5 5. e4 Nxc3 6. bxc3 Bg7 7. Bc4 c5 8.
Ne2 O-O 9. O-O Nc6 10. Be3 Bg4 11. f3 Bd7 $1 {[%mdl 4] is recently more
successful than 11...Na5.} 12. Rb1 Rc8 13. Qd2 {D87: Exchange Grünfeld:
Classical Line: Variations without ...cxd4.} ({But not} 13. Rxb7 Na5 $17) 13...
Na5 14. Bd3 b6 15. Rfc1 {White is slightly better.} Qc7 16. h4 {[#]} e5 $146 ({
Predecessor:} 16... cxd4 17. cxd4 Qd6 18. Ba6 Rxc1+ 19. Rxc1 h5 20. Bf4 e5 21.
dxe5 Qxd2 22. Bxd2 Bxe5 23. Bf4 Bf6 24. Bg5 Be5 25. Bf4 Bf6 26. Bg5 Be5 27. Bf4
{1/2-1/2 (27) Salem,A (2615)-Nepomniachtchi,I (2704) Moscow 2016}) 17. h5 Nb7 (
17... Qd6 $1 $11) 18. h6 $16 Bh8 19. Bc4 Nd6 (19... Be6 $14 20. Ba6 Rcd8) 20.
Bd5 Be6 {next ...Bxd5 is good for Black.} 21. dxc5 Nc4 22. Bxc4 Bxc4 23. cxb6
axb6 24. Bxb6 Qc6 25. Ng3 Ra8 26. Rc2 Bf6 27. Nf1 Rfb8 28. Rcb2 Bxa2 29. Rxa2
Rxa2 30. Qxa2 Rxb6 31. Ne3 Bg5 32. Nd5 Rxb1+ 33. Qxb1 {[#] Qb8+ would kill now.
} Qc5+ 34. Kh1 ({Better is} 34. Kf1 $1 $14) 34... Qf8 $11 {The position is
equal.} 35. Qb6 Qxh6+ 36. Kg1 {aiming for Qb8+.} Kg7 37. c4 Bh4 38. Qe3 Qxe3+
39. Nxe3 {[%mdl 4096] Endgame KB-KN} Be7 40. Kf1 Bc5 41. Nc2 Kf6 42. Na1 Ke6
43. Nb3 Kd6 44. Ke2 h5 45. Kd3 h4 46. Ke2 f5 47. exf5 gxf5 48. Kd3 Bb6 49. Nd2
Kc5 50. Nb1 Ba5 51. Na3 Bb6 52. Nb5 Ba5 53. Na3 Bb6 54. Nb5 Ba5 55. Na3 Bb6 {
Weighted Error Value: White=0.09/Black=0.08} 1/2-1/2